000 00482nam a2200133Ia 4500
008 100328s9999 xx 000 0 und d
082 _b19765
100 _aमाडगूळकर व्यंकटेश - अनु.
245 _aकांगारुचे चांगभले
260 _bपं.अ.कुलकर्णी
630 _aकांगारुचे चांगभले
730 _aकांगारुचे चांगभले
942 _cBOOK
999 _c514029
_d514026